| 000 | 01076cam a22003251 4500 | ||
|---|---|---|---|
| 001 | 280031 | ||
| 003 | GBCCL | ||
| 005 | 20251211120639.0 | ||
| 008 | 711207s1965 nyue b 000 0 eng | ||
| 020 | _a0385046952 | ||
| 035 | _a280031 | ||
| 040 |
_aDLC _cDLC _dDLC _dOCoLC |
||
| 082 | 0 | 0 |
_a220.7 _bANC 1 |
| 245 | 0 | 0 |
_aEzra. _bNehemiah. _cIntrod., translation and notes by Jacob M. Myers. |
| 250 |
_a[1st ed.] _bNinth printing |
||
| 260 |
_aGarden City, N.Y., _bDoubleday, _c1983, 1965. |
||
| 300 |
_alxxxiii, 268 p. _bplan. _c25 cm. |
||
| 336 |
_atext _btxt _2rdacontent |
||
| 337 |
_aunmediated _bn _2rdamedia |
||
| 338 |
_avolume _bnc _2rdacarrier |
||
| 490 |
_aThe Anchor Bible, _v14 |
||
| 504 | _aBibliography: p. [lxxviii]-lxxxiii. | ||
| 630 | 0 | 0 |
_aBible. _pEzra _xCommentaries. |
| 630 | 0 | 0 |
_aBible. _pNehemiah _xCommentaries. |
| 700 | 1 |
_aMyers, Jacob Martin, _d1904- _eeditor, _etranslator. |
|
| 906 |
_a7 _bcbc _corignew _du _eocip _f19 _gy-gencatlg |
||
| 942 |
_2ddc _cREF _n0 |
||
| 999 |
_c11110 _d11110 |
||